| 000 | 00577nam a22002177a 4500 | ||
|---|---|---|---|
| 999 |
_c3368 _d3368 |
||
| 003 | OSt | ||
| 005 | 20231123084434.0 | ||
| 008 | 231123b ||||| |||| 00| 0 eng d | ||
| 020 | _a9781405477765 | ||
| 040 | _cKH8 | ||
| 082 | _a613.71 GAV | ||
| 100 |
_aGavin, Joyce, _eauthor. |
||
| 245 |
_a El libro de pilates / _cJoyce Gavin. |
||
| 260 |
_aSpanish ; _bParragon Pub, _c2006. |
||
| 300 |
_a160 pages : _bcolor illustrations ; _c23 cm. |
||
| 500 | _aIncludes index | ||
| 650 | _aExercise | ||
| 650 | _aPhysical fitness | ||
| 650 |
_aExercise _vMethod |
||
| 942 |
_2ddc _cNFIC |
||